000 00551nam a2200193Ia 4500
003 GCL
008 140319s9999 xx 000 0 ara d
040 _aGCL /
_cGCL
082 0 4 _a415.1
_bم م
100 1 _aمحمود احمد نخلة
245 1 0 _aمدخل الى دراسة الجملة العربية /
_cمحمود احمد نخلة
300 _a185 ص
490 _a
650 0 4 _aالنحو
650 0 4 _aاللغة العربية
650 0 4 _aالجملة الاسمية
650 0 4 _aالجملة الفعلية
942 _2ddc
_cBK
999 _c46170
_d46170